America Latina (Registro nro. 5484)

Detalles MARC
000 -LEADER
fixed length control field 01052 a2200229 4500
001 - CONTROL NUMBER
control field 54320
005 - DATE AND TIME OF LATEST TRANSACTION
control field 20260407155815.0
008 - FIXED-LENGTH DATA ELEMENTS--GENERAL INFORMATION
fixed length control field 260407a1964 arg spa d
003 - CONTROL NUMBER IDENTIFIER
control field AR-UNSa-BCEJYS
040 ## - CATALOGING SOURCE
Original cataloging agency AR-UNSa-BCEJYS
Language of cataloging spa
Transcribing agency AR-UNSa-BCEJYS
080 ## - UNIVERSAL DECIMAL CLASSIFICATION NUMBER
Universal Decimal Classification number 330.34(7/8)
Common auxiliary subdivision Desarrollo Económico de América Latina
041 ## - LANGUAGE CODE
Language code of text/sound track or separate title spa
100 1# - MAIN ENTRY--PERSONAL NAME
Personal name Powelson, John P.
245 10 - TITLE STATEMENT
Title America Latina
Name of part/section of a work La revolución económica y social actual
264 #1 - PRODUCTION, PUBLICATION, DISTRIBUTION, MANUFACTURE, AND COPYRIGHT NOTICE
Place of production, publication, distribution, manufacture New York :
Name of producer, publisher, distributor, manufacturer McGraw-Hill Book Company
Date of production, publication, distribution, manufacture, or copyright notice 1964
300 ## - PHYSICAL DESCRIPTION
Extent 330 p.
Dimensions 23 cm.
505 ## - FORMATTED CONTENTS NOTE
Formatted contents note 1. La revolución económica - 2. Enfoque individual y colectivo del desarrollo económico - 3. Reforma agraria - 4. Monopolio - 5. Productos primarios - 6. La experiencia de cuatro mercancías.Cobre,azúcar,petróleo y café - 7. Inflación - 8. Integración económica - 9. Ayuda exterior - 10. La planificación económica nacional - 11. Revolución vieja y nueva
590 ## - LOCAL NOTE (RLIN)
Local note niveau_biblio:m niveau_hierar:0
700 1# - ADDED ENTRY--PERSONAL NAME
Personal name Garcia-Bernal Piñeiro, Ana
700 1# - ADDED ENTRY--PERSONAL NAME
Personal name Rieg García, Víctor
942 ## - ADDED ENTRY ELEMENTS (KOHA)
Koha item type
Existencias
Withdrawn status Lost status Damaged status Not for loan Home library Current library Shelving location Date acquired Total checkouts Full call number Barcode Date last seen Price effective from Koha item type
        Biblioteca Prof. Eusebio Cleto del Rey Biblioteca Prof. Eusebio Cleto del Rey   07/04/2026   330.34(7/8) P881 L22017 07/04/2026 07/04/2026 Libro